00510naa a2200157 a 450000100080000000500110000800800410001910000110006024500620007126000090013349000360014250000200017865300140019865300150021277301250022710804002011-09-14 1991 bl uuuu u00u1 u #d1 aEpagri aForrageiras para regi??o de Clima Temperado ??mido - Cfb. c1991 a(Epagri. Boletim T??cnico, 53). aISSN, 0100-7416 aGram??nea aLeguminosa tIn: EPAGRI. Recomenda????o de Cultivares para o estado de Santa Catarina 1991/1992. Florian??polis, SCi, 1991. p. 64-68.